000 00769nam a2200289 a 4500
003 AR-BaBNM
005 20251128203132.0
008 082120s2002 ||||||||||||||000 | spa||
040 _cAR-BaBNM
100 1 _aMoreau, Pierina Lidia
245 0 0 _aLa provincia en el teatro de Molière
260 _aCórdoba
_bUniversidad Católica de Córdoba
_c1973
300 _a76 p.
500 _aContiene referencias bibliográficas en p. 73
650 4 _aTEATRO POPULAR
650 4 _aLITERATURA FRANCESA
650 4 _aCRITICA LITERARIA
650 4 _aTEATRO
650 4 _aESCRITORES
650 4 _aSIGLO DIECISIETE
650 4 _aCOMEDIA
653 _aINFLUENCIA GRECOLATINA
653 _aTEATRO COMICO
655 _aLITERATURA
942 _cBK
998 _cMARTIN
999 _c2066
_d2066